000 00605nam a2200181 i 4500
001 43857
003 ES-MaACL
005 20250816063129.0
007 t|
008 030318s1863 fr ||||1| fre d
100 1 _aCésar, Cayo Julio,
_d100 a.C.-44 a.C.
_937671
245 1 0 _aGuerre des Gaules /
_cCayo Julio Cesar ; traduction nouvelle avec le texte, des notes et un index par Charles Louandre.
260 _aParis :
_bCharpentier,
_c1863 (
_fSimon Raçon)
300 _aXX, 476 p. ;
_c18 cm.
700 1 _aLouandre, Charles.
_974310
852 _aES-MaACL
_jC-3025
999 _c43857
_d43857